000 00768nam a22001817a 4500
003 JO-AjAnu
005 20241019094750.0
008 241019b jo ||||| |||| 00| 0 ara d
040 _cJO-AjAnu
041 _aARA
100 1 _aإبنغوف، محمود حسن عمر
_966275
_eمؤلف
245 2 0 _aالكفايات المهنية للمرشد الزراعي= Professional competencies for Agricultural Extension Agent/
_cتأليف محمود حسن عمر إيبنغوف
250 _aالطبعة الاولى
260 _aالقاهرة :
_bالدار العلمية للنشر والتوزيع، المكتبة الدولية للنشر والتوزيع،
_c2023
300 _a152 صفحة
650 7 0 _aارشاد زراعي
_966279
942 _2lcc
_cBK
_n0
999 _c33740
_d33740